Top 50 football national teams: 2000 - Statistics

General Stats
  • This quiz has been taken 74 times
  • The average score is 39 of 50
Answer Stats
# Team % Correct
1 Brazil
100%
3 Argentina
97%
27 Belgium
97%
17 England
97%
7 Spain
97%
2 France
96%
6 Portugal
96%
11 Germany
94%
4 Italy
94%
8 Netherlands
94%
21 Russia
94%
16 United States
94%
23 Sweden
91%
15 Colombia
90%
32 Uruguay
90%
38 Japan
88%
12 Mexico
88%
22 Denmark
87%
33 Egypt
87%
14 Norway
87%
18 Croatia
86%
25 Scotland
86%
40 South Korea
86%
19 Chile
84%
31 Ireland
84%
43 Poland
83%
34 Ukraine
83%
24 Slovakia
81%
42 Greece
80%
44 Austria
78%
28 Morocco
78%
30 Turkey
78%
10 Paraguay
77%
45 Peru
77%
13 Romania
77%
5 Czech Republic
75%
37 Iran
74%
35 Slovenia
74%
47 Hungary
72%
39 Cameroon
71%
26 Tunisia
71%
20 South Africa
70%
36 Saudi Arabia
68%
50 Iceland
55%
41 Israel
42%
48 Jamaica
39%
46 Honduras
36%
9 Yugoslavia
28%
49 Zambia
26%
29 Trinidad and Tobago
19%
No matching quizzes found
Score Distribution
Percent of People with Each Score
Percentile by Number Answered
Your Score History
You have not taken this quiz